000 00437pab a2200169 454500
008 180718b2004 xxu||||| |||| 00| 0 eng d
100 _aOza, Heena Sunil
245 _aEnvironmental accounting: role of management accounting
260 _c2004
300 _ap.808-12.
362 _a10 Oct
650 _aAccounting
650 _aManagement
650 _aEnvironmental management
773 _aManagement Accountant
909 _a62882
999 _c62882
_d62882